[Event "HUN-chT4 2223"]
[Site "Gyor"]
[Date "2022.12.11"]
[Round "3"]
[White "Ruboczki, Tibor"]
[Black "Suhajda, Attila"]
[Result "1/2-1/2"]
[WhiteElo "2012"]
[BlackElo "1952"]
[PlyCount "70"]
[EventDate "2022.10.09"]
[EventType "team-tourn"]
[EventRounds "7"]
[EventCountry "HUN"]
[SourceTitle "EXT 2024"]
[Source "ChessBase"]
[SourceDate "2023.10.10"]
[SourceVersion "1"]
[SourceVersionDate "2023.10.10"]
[SourceQuality "1"]
[WhiteTeam "Sopron MAFC"]
[BlackTeam "Level KSE"]
[WhiteTeamCountry "HUN"]
[BlackTeamCountry "HUN"]

1. d4 Nf6 2. Bg5 d5 3. Nf3 g6 4. Bxf6 exf6 5. g3 Bg7 6. Bg2 0-0 7. 0-0 Re8 8. c4 c6 9. cxd5 cxd5 10. Nc3 Na6 11. Ne1 Nc7 12. Qb3 Rb8 13. Nd3 Bf5 14. Rad1 Be4 15. e3 Bxg2 16. Kxg2 Re6 17. a4 Rb6 18. Qa2 Qd7 19. b4 Qf5 20. Rd2 Rd8 21. Rc1 Ne6 22. f4 Bf8 23. a5 Rc6 24. b5 Rcc8 25. Nf2 h5 26. Rdc2 Nc7 27. Qb3 Re8 28. Ncd1 Bd6 29. b6 axb6 30. axb6 Na6 31. Rxc8 Rxc8 32. Rxc8+ Qxc8 33. Qxd5 Be7 34. Nd3 Nb4 35. Nxb4 Bxb4 1/2-1/2

[Event "HUN-chT2 Barcza 1819"]
[Site "Hungary"]
[Date "2018.10.07"]
[Round "2.9"]
[White "Kerti, Laszlo"]
[Black "Ruboczki, Tibor"]
[Result "1/2-1/2"]
[WhiteElo "1741"]
[BlackElo "2043"]
[PlyCount "57"]
[EventDate "2018.09.23"]
[EventType "team-tourn"]
[EventRounds "11"]
[EventCountry "HUN"]
[SourceTitle "CBM 189 Extra"]
[Source "ChessBase"]
[SourceDate "2019.06.03"]
[SourceVersion "1"]
[SourceVersionDate "2019.06.03"]
[SourceQuality "1"]
[WhiteTeam "Debrecen Sakkiskola"]
[BlackTeam "Nyiregyhaza SISE"]
[WhiteTeamCountry "HUN"]
[BlackTeamCountry "HUN"]

1. e4 e6 2. d4 d5 3. e5 c5 4. c3 Qb6 5. Nf3 Nc6 6. a3 Nh6 7. Bd3 cxd4 8. cxd4 Nf5 9. Bxf5 exf5 10. 0-0 Be6 11. Nc3 Be7 12. b4 0-0 13. Be3 Qd8 14. g3 h6 15. h4 Rc8 16. Ne2 b5 17. Qd2 Kh7 18. Kg2 a5 19. bxa5 Nxa5 20. Qd3 Nc4 21. Rh1 Rh8 22. h5 Ra8 23. g4 Qd7 24. Ng3 Nxe3+ 25. fxe3 g6 26. hxg6+ fxg6 27. g5 Kg7 28. gxh6+ Rxh6 29. Rhb1 1/2-1/2

[Event "HUN-chT2 Barcza 1718"]
[Site "Hungary"]
[Date "2018.05.06"]
[Round "11.7"]
[White "Ruboczki, Tibor"]
[Black "Toth, Levente"]
[Result "1/2-1/2"]
[WhiteElo "2048"]
[BlackElo "2004"]
[PlyCount "91"]
[EventDate "2017.09.24"]
[EventType "team-tourn"]
[EventRounds "11"]
[EventCountry "HUN"]
[SourceTitle "EXT 2021"]
[Source "ChessBase"]
[SourceDate "2020.10.23"]
[SourceVersion "1"]
[SourceVersionDate "2020.10.23"]
[SourceQuality "1"]
[WhiteTeam "Nyiregyhaza SISE"]
[BlackTeam "Edeleny"]
[WhiteTeamCountry "HUN"]
[BlackTeamCountry "HUN"]

1. d4 d5 2. c4 c6 3. Nc3 Nf6 4. Nf3 e6 5. Bg5 dxc4 6. e4 b5 7. e5 h6 8. Bh4 g5 9. Nxg5 hxg5 10. Bxg5 Nbd7 11. exf6 Bb7 12. Be2 Nxf6 13. Bf3 Rb8 14. Kf1 Be7 15. Qd2 Qb6 16. Qf4 Qd8 17. Qe5 Rg8 18. h4 Nd7 19. Bxe7 Qxe7 20. Qe3 Nf6 21. h5 Rd8 22. h6 Nd5 23. Bxd5 cxd5 24. h7 Rh8 25. Nxb5 f6 26. Re1 Bc8 27. Qg3 Kf8 28. Qg6 Qg7 29. Qxg7+ Kxg7 30. Nxa7 Bd7 31. Re3 Rxh7 32. Rxh7+ Kxh7 33. Ra3 Rb8 34. b3 c3 35. Ke2 e5 36. dxe5 fxe5 37. Ra5 Be6 38. Rc5 Ra8 39. Rc7+ Kg6 40. Rc6 Kf5 41. g4+ Kxg4 42. Rxe6 Rxa7 43. Rxe5 Rxa2+ 44. Kd3 Rxf2 45. Kxc3 Rf3+ 46. Kd4 1/2-1/2

[Event "HUN-chT2 Barcza 1718"]
[Site "Hungary"]
[Date "2017.12.03"]
[Round "5.3"]
[White "Ruboczki, Tibor"]
[Black "Hidegh, Lajos"]
[Result "1-0"]
[WhiteElo "2048"]
[BlackElo "1932"]
[PlyCount "125"]
[EventDate "2017.09.24"]
[EventType "team-tourn"]
[EventRounds "11"]
[EventCountry "HUN"]
[SourceTitle "EXT 2021"]
[Source "ChessBase"]
[SourceDate "2020.10.23"]
[SourceVersion "1"]
[SourceVersionDate "2020.10.23"]
[SourceQuality "1"]
[WhiteTeam "Nyiregyhaza SISE"]
[BlackTeam "Kazincbarcika"]
[WhiteTeamCountry "HUN"]
[BlackTeamCountry "HUN"]

1. d4 d5 2. c4 c6 3. Nc3 Nf6 4. Nf3 Nbd7 5. Bg5 h6 6. Bh4 dxc4 7. a4 Nd5 8. e4 Nxc3 9. bxc3 b5 10. Be2 Bb7 11. 0-0 a6 12. Qb1 Qc8 13. axb5 cxb5 14. d5 Nc5 15. Ne5 e6 16. Bh5 g6 17. Bf6 Rg8 18. Bg4 Be7 19. Bxe7 Kxe7 20. dxe6 Bxe4 21. exf7 Bxb1 22. Bxc8 Rgxc8 23. Raxb1 Kf6 24. f4 Kg7 25. Rfd1 Rd8 26. Kf1 Nd3 27. Nxd3 cxd3 28. Ke1 Kxf7 29. Kd2 Rd6 30. Re1 Kf6 31. Re3 Rad8 32. h3 Rd5 33. Ra1 R8d6 34. Ra2 g5 35. fxg5+ Rxg5 36. g4 Rgd5 37. Ra1 Kg5 38. Rf3 Rf6 39. Rxf6 Kxf6 40. Rxa6+ Kg5 41. Re6 h5 42. gxh5 Kf4 43. h6 Rh5 44. Kxd3 Kf5 45. Rb6 Rxh3+ 46. Kc2 Ke4 47. Kb3 Kd5 48. Kb4 Rh1 49. Kxb5 Rb1+ 50. Ka6 Rh1 51. Kb7 Rg1 52. Rc6 Rb1+ 53. Kc7 Rf1 54. c4+ Ke5 55. Kd7 Rf4 56. Ke7 Rh4 57. Kf7 Rh2 58. Kg7 Kf5 59. Rf6+ Ke5 60. Rg6 Ra2 61. h7 Kf5 62. h8Q Ra7+ 63. Kh6 1-0

[Event "HUN-chT2 Barcza 1617"]
[Site "Hungary"]
[Date "2017.02.12"]
[Round "8.7"]
[White "Ruboczki, Tibor"]
[Black "Szabo, Istvan1111"]
[Result "1-0"]
[WhiteElo "2067"]
[BlackElo "1954"]
[PlyCount "69"]
[EventDate "2016.09.25"]
[EventType "team-tourn"]
[EventRounds "11"]
[EventCountry "HUN"]
[SourceTitle "EXT 2021"]
[Source "ChessBase"]
[SourceDate "2020.10.23"]
[SourceVersion "1"]
[SourceVersionDate "2020.10.23"]
[SourceQuality "1"]
[WhiteTeam "Nyiregyhaza SISE"]
[BlackTeam "Hajduszoboszlo"]
[WhiteTeamCountry "HUN"]
[BlackTeamCountry "HUN"]

1. d4 Nf6 2. g3 c5 3. d5 e6 4. c4 exd5 5. cxd5 d6 6. Nc3 g6 7. Bg2 Bg7 8. Nf3 0-0 9. 0-0 Re8 10. Nd2 a6 11. a4 b6 12. Nc4 Qc7 13. e4 Ng4 14. Bf4 Ne5 15. Bxe5 Bxe5 16. Nxe5 dxe5 17. f4 Qd6 18. f5 f6 19. g4 g5 20. h4 h6 21. hxg5 hxg5 22. Qe2 Ra7 23. Kf2 Rh7 24. Rh1 Ree7 25. Rag1 Rxh1 26. Rxh1 c4 27. Qxc4 Rc7 28. Qd3 Qc5+ 29. Qe3 Qb4 30. Qh3 Qc5+ 31. Ke2 Rg7 32. Qh8+ Kf7 33. Qd8 Nd7 34. Rh8 Nf8 35. d6 1-0

[Event "HUN-chT2 Barcza 1617"]
[Site "Hungary"]
[Date "2016.10.30"]
[Round "3.9"]
[White "Kiss, Laszlo4444"]
[Black "Ruboczki, Tibor"]
[Result "1/2-1/2"]
[WhiteElo "1897"]
[BlackElo "2067"]
[PlyCount "144"]
[EventDate "2016.09.25"]
[EventType "team-tourn"]
[EventRounds "11"]
[EventCountry "HUN"]
[SourceTitle "EXT 2021"]
[Source "ChessBase"]
[SourceDate "2020.10.23"]
[SourceVersion "1"]
[SourceVersionDate "2020.10.23"]
[SourceQuality "1"]
[WhiteTeam "Debrecen Sakkbaratok"]
[BlackTeam "Nyiregyhaza SISE"]
[WhiteTeamCountry "HUN"]
[BlackTeamCountry "HUN"]

1. e4 e6 2. d4 b6 3. c4 Bb7 4. Nc3 g6 5. Nf3 Bg7 6. Be2 d6 7. Be3 Nf6 8. d5 e5 9. h3 0-0 10. Qd2 Nbd7 11. Bh6 Nc5 12. Bxg7 Kxg7 13. Qe3 a5 14. b3 Nh5 15. Ng5 Nf4 16. Qg3 f6 17. Nf3 a4 18. b4 Ncd3+ 19. Kd2 Nxe2 20. Kxe2 Nxb4 21. a3 Nc2 22. Ra2 Nd4+ 23. Nxd4 exd4 24. Nb5 Qe7 25. Kd3 Rfe8 26. Re2 Kh8 27. Rhe1 Bc8 28. Nxd4 Bd7 29. f4 Rab8 30. Rb1 f5 31. Qe1 fxe4+ 32. Rxe4 Qf6 33. Ne6 Bxe6 34. dxe6 Re7 35. Qc3 Qxc3+ 36. Kxc3 Kg7 37. g4 Ra8 38. Kd4 Ra5 39. g5 h6 40. h4 h5 41. Rb5 Ra8 42. f5 gxf5 43. Rxf5 c6 44. Rf6 Rae8 45. Re2 Rf8 46. Ref2 Rfe8 47. Rf7+ Kg8 48. Rxe7 Rxe7 49. Rf6 Kg7 50. Rh6 Kg8 51. Kc3 Kg7 52. Kb4 d5 53. cxd5 cxd5 54. Kxa4 d4 55. Kb3 Rc7 56. Rxh5 d3 57. g6 Kxg6 58. Rd5 Kf6 59. Rd6 d2 60. Rxd2 Kxe6 61. Kb4 Rh7 62. Rd4 Rh5 63. a4 Ke7 64. Kc4 Ke6 65. Kd3 b5 66. a5 b4 67. a6 Ra5 68. Rg4 Kf7 69. Rxb4 Rxa6 70. Ke4 Ra5 71. Kf4 Kg7 72. Kg4 Kh7 1/2-1/2

[Event "HUN-chT2 Barcza 1516"]
[Site "Hungary"]
[Date "2016.03.20"]
[Round "9.5"]
[White "Ruboczki, Tibor"]
[Black "Kassay, Krisztian"]
[Result "0-1"]
[WhiteElo "2034"]
[BlackElo "2087"]
[PlyCount "78"]
[EventDate "2015.09.13"]
[EventType "team-tourn"]
[EventRounds "11"]
[EventCountry "HUN"]
[SourceTitle "EXT 2017"]
[Source "ChessBase"]
[SourceDate "2016.10.25"]
[SourceVersion "1"]
[SourceVersionDate "2016.10.25"]
[SourceQuality "1"]
[WhiteTeam "Nyiregyhaza"]
[BlackTeam "Miskolc KisBocsok"]
[WhiteTeamCountry "HUN"]
[BlackTeamCountry "HUN"]

1. d4 Nf6 2. c4 Nc6 3. Nf3 e6 4. Nc3 Bb4 5. a3 Bxc3+ 6. bxc3 d6 7. Bg5 Qe7 8. e4 e5 9. d5 Nb8 10. Nd2 Nbd7 11. Be2 Nc5 12. Qc2 0-0 13. 0-0 h6 14. Be3 a5 15. Rab1 Ncd7 16. Rfe1 Re8 17. Nf1 Nf8 18. Ng3 b6 19. Qd2 Ng6 20. h3 Bd7 21. Bd3 Nh7 22. Bc2 Nh4 23. f4 Bxh3 24. Nf5 Bxf5 25. exf5 e4 26. Bd4 Nxf5 27. Rxe4 Qd7 28. Qd3 g6 29. Rbe1 Rxe4 30. Qxe4 Nxd4 31. Qxd4 Re8 32. Re4 Rxe4 33. Qxe4 Nf6 34. Qe2 Qg4 35. Qxg4 Nxg4 36. f5 g5 37. Bd3 Kg7 38. Kf1 Kf6 39. Ke2 Ne5 0-1

[Event "HUN-chT2 Barcza 1516"]
[Site "Hungary"]
[Date "2015.12.06"]
[Round "6.6"]
[White "Ruboczki, Tibor"]
[Black "Magi, Tibor"]
[Result "0-1"]
[WhiteElo "2018"]
[BlackElo "1897"]
[PlyCount "78"]
[EventDate "2015.09.13"]
[EventType "team-tourn"]
[EventRounds "11"]
[EventCountry "HUN"]
[SourceTitle "CBM 170 Extra"]
[Source "ChessBase"]
[SourceDate "2016.02.25"]
[SourceVersion "1"]
[SourceVersionDate "2016.02.25"]
[SourceQuality "1"]
[WhiteTeam "Nyiregyhaza"]
[BlackTeam "Nadudvar"]
[WhiteTeamCountry "HUN"]
[BlackTeamCountry "HUN"]

1. d4 d5 2. c4 c6 3. e3 Nf6 4. Nf3 Bg4 5. Nc3 e6 6. h3 Bxf3 7. Qxf3 Nbd7 8. Bd3 Nb6 9. cxd5 Nbxd5 10. 0-0 Bb4 11. Ne2 Ba5 12. a3 Bb6 13. b4 Rc8 14. Bb2 Bc7 15. e4 Ne7 16. Rfd1 Ng6 17. g3 0-0 18. Rac1 Qe7 19. b5 cxb5 20. Bxb5 Rfd8 21. Nc3 a6 22. Be2 b5 23. e5 Nd5 24. Ne4 Bb6 25. Nd6 Rxc1 26. Rxc1 Bc7 27. Ne4 Bb6 28. Qb3 Qa7 29. Nc5 Nxe5 30. Nxa6 Qxa6 31. dxe5 Qa7 32. Rf1 Rb8 33. Bf3 Ne7 34. Kg2 Nf5 35. Qd3 h6 36. Bc6 Rd8 37. Qxb5 Rd2 38. Be4 Bxf2 39. Qe8+ Kh7 0-1

[Event "HUN-chT2 Barcza 1415"]
[Site "Hungary"]
[Date "2014.11.30"]
[Round "?"]
[White "Barnoth, Robert"]
[Black "Ruboczki, Tibor"]
[Result "1/2-1/2"]
[WhiteElo "1863"]
[BlackElo "2006"]
[PlyCount "23"]
[EventDate "2014.09.07"]
[EventType "team-tourn"]
[EventRounds "11"]
[EventCountry "HUN"]
[SourceTitle "EXT 2016"]
[Source "ChessBase"]
[SourceDate "2015.10.08"]
[SourceVersion "1"]
[SourceVersionDate "2015.10.08"]
[SourceQuality "1"]
[WhiteTeam "Piremon"]
[BlackTeam "Nyiregyhaza"]
[WhiteTeamCountry "HUN"]
[BlackTeamCountry "HUN"]

1. e4 e6 2. d4 d5 3. exd5 exd5 4. Nf3 Bg4 5. Be2 Nc6 6. c3 Qd7 7. Be3 Nf6 8. Nbd2 Bd6 9. a4 0-0 10. 0-0 Rfe8 11. b4 h6 12. Rc1 1/2-1/2

[Event "HUN-chT2 Barcza 1415"]
[Site "Hungary"]
[Date "2014.11.16"]
[Round "?"]
[White "Ruboczki, Tibor"]
[Black "Galko, Attila"]
[Result "1/2-1/2"]
[WhiteElo "2006"]
[BlackElo "1869"]
[PlyCount "57"]
[EventDate "2014.09.07"]
[EventType "team-tourn"]
[EventRounds "11"]
[EventCountry "HUN"]
[SourceTitle "EXT 2016"]
[Source "ChessBase"]
[SourceDate "2015.10.08"]
[SourceVersion "1"]
[SourceVersionDate "2015.10.08"]
[SourceQuality "1"]
[WhiteTeam "Nyiregyhaza"]
[BlackTeam "Edeleny"]
[WhiteTeamCountry "HUN"]
[BlackTeamCountry "HUN"]

1. d4 d5 2. c4 c6 3. e3 Nf6 4. Nf3 Bg4 5. Nc3 e6 6. Qb3 Qb6 7. Ne5 Qxb3 8. axb3 Bf5 9. c5 Nbd7 10. Nd3 Be7 11. Be2 0-0 12. 0-0 a6 13. b4 Bxd3 14. Bxd3 b5 15. f4 Rfb8 16. Bd2 Bd8 17. Ra2 Rb7 18. Rfa1 Nb8 19. h3 Nfd7 20. Ne2 f6 21. Bc3 Bc7 22. e4 Rba7 23. g3 g6 24. Kg2 f5 25. e5 Bd8 26. Kf3 Kg7 27. Bd2 Nf8 28. Nc3 h6 29. Nd1 1/2-1/2

[Event "HUN-chT2 Maroczy 1112"]
[Site "Hungary"]
[Date "2012.05.06"]
[Round "10"]
[White "Kovacs, Istvan2222"]
[Black "Ruboczki, Tibor"]
[Result "1/2-1/2"]
[WhiteElo "1996"]
[BlackElo "1982"]
[PlyCount "22"]
[EventDate "2011.09.25"]
[EventType "team-tourn"]
[EventRounds "11"]
[EventCountry "HUN"]
[SourceTitle "EXT 2013"]
[Source "ChessBase"]
[SourceDate "2012.11.22"]
[SourceVersion "1"]
[SourceVersionDate "2012.11.22"]
[SourceQuality "1"]
[WhiteTeam "Hajduszoboszlo"]
[BlackTeam "Nyiregyhaza"]
[WhiteTeamCountry "HUN"]
[BlackTeamCountry "HUN"]

1. Nf3 Nf6 2. c4 e6 3. g3 b6 4. Bg2 Bb7 5. 0-0 Be7 6. Nc3 0-0 7. d4 d5 8. Ne5 Nbd7 9. cxd5 Nxd5 10. Nxd5 exd5 11. Nd3 Nf6 1/2-1/2

[Event "HUN-chT2 Maroczy 1112"]
[Site "Hungary"]
[Date "2012.03.25"]
[Round "8"]
[White "Halak, Miklos"]
[Black "Ruboczki, Tibor"]
[Result "1-0"]
[WhiteElo "2037"]
[BlackElo "1982"]
[PlyCount "137"]
[EventDate "2011.09.25"]
[EventType "team-tourn"]
[EventRounds "11"]
[EventCountry "HUN"]
[SourceTitle "EXT 2013"]
[Source "ChessBase"]
[SourceDate "2012.11.22"]
[SourceVersion "1"]
[SourceVersionDate "2012.11.22"]
[SourceQuality "1"]
[WhiteTeam "Lila Futo"]
[BlackTeam "Nyiregyhaza"]
[WhiteTeamCountry "HUN"]
[BlackTeamCountry "HUN"]

1. e4 e6 2. d4 d5 3. Nc3 dxe4 4. Nxe4 Nd7 5. Nf3 Ngf6 6. Ng3 c5 7. c3 Qb6 8. Qc2 Be7 9. Bc4 h6 10. 0-0 0-0 11. a4 cxd4 12. Nxd4 Qc7 13. Ba2 a6 14. Re1 Ne5 15. h3 Rd8 16. Qe2 Ng6 17. Nh5 Nd5 18. Qf3 Bc5 19. Nb3 Bd6 20. Nd2 Ne5 21. Qe4 Ne7 22. Bb1 N7g6 23. f4 Nd7 24. Kh1 Bxf4 25. Nxf4 Qxf4 26. Qe2 Nf6 27. Nf3 Qg3 28. Rf1 Bd7 29. Nd4 e5 30. Nf5 Bxf5 31. Bxf5 Nf4 32. Bxf4 exf4 33. Rf3 Qg5 34. Bc2 Nh5 35. Qf2 Rd7 36. Re1 Rad8 37. Kh2 g6 38. Be4 Kg7 39. c4 Rd2 40. Re2 Rxe2 41. Qxe2 Ng3 42. Qc2 Qe5 43. Bxb7 Ne2 44. Qe4 Qxb2 45. Bd5 Ng3 46. Qxf4 Nf5 47. Rf2 Qb8 48. g4 Qxf4+ 49. Rxf4 Nd6 50. c5 Nf5 51. Bc4 Rd2+ 52. Kg1 Ne3 53. Rxf7+ Kg8 54. Rf4+ Nxc4 55. Rxc4 Rd7 56. Rb4 Rc7 57. Rb6 Kf7 58. c6 Ke6 59. Rxa6 Kd6 60. Kg2 Kc5 61. Kg3 g5 62. Kf3 Kd5 63. Ke3 Re7+ 64. Kd3 Rc7 65. Rb6 Kc5 66. a5 Rc8 67. c7 Rxc7 68. Rxh6 Kb5 69. a6 1-0

[Event "HUN-chT U18"]
[Site "Miskolc"]
[Date "2011.11.05"]
[Round "7.4"]
[White "Gal, Cintia"]
[Black "Ruboczki, Tibor"]
[Result "1-0"]
[WhiteElo "1634"]
[BlackElo "1982"]
[PlyCount "42"]
[EventDate "2011.11.02"]
[EventType "team-swiss"]
[EventRounds "8"]
[EventCountry "HUN"]
[SourceTitle "EXT 2012"]
[Source "ChessBase"]
[SourceDate "2011.11.24"]
[SourceVersion "1"]
[SourceVersionDate "2011.11.24"]
[SourceQuality "1"]
[WhiteTeam "Sarvar"]
[BlackTeam "Nyiregyhaza"]
[WhiteTeamCountry "HUN"]
[BlackTeamCountry "HUN"]

1. e4 e6 2. d4 d5 3. e5 c5 4. c3 Qb6 5. Nf3 Nc6 6. a3 a5 7. Be2 Nh6 8. 0-0 cxd4 9. cxd4 Nf5 10. Nc3 Nfxd4 11. Nxd4 Nxd4 12. Be3 Nxe2+ 13. Qxe2 Qc6 14. Rac1 Bd7 15. Rfd1 Qa6 16. Qg4 a4 17. h3 h6 18. Kh1 g6 19. Qf4 Rc8 20. Nxd5 Rxc1 21. Rxc1 Bc6 1-0

[Event "HUN-chT U18"]
[Site "Miskolc"]
[Date "2011.11.05"]
[Round "6.4"]
[White "Ruboczki, Tibor"]
[Black "Horvath, Attila Bela"]
[Result "1/2-1/2"]
[WhiteElo "1982"]
[BlackElo "1817"]
[PlyCount "32"]
[EventDate "2011.11.02"]
[EventType "team-swiss"]
[EventRounds "8"]
[EventCountry "HUN"]
[SourceTitle "EXT 2012"]
[Source "ChessBase"]
[SourceDate "2011.11.24"]
[SourceVersion "1"]
[SourceVersionDate "2011.11.24"]
[SourceQuality "1"]
[WhiteTeam "Nyiregyhaza"]
[BlackTeam "Szombathely"]
[WhiteTeamCountry "HUN"]
[BlackTeamCountry "HUN"]

1. d4 d5 2. c4 c6 3. Nc3 Nf6 4. Nf3 e6 5. Bg5 Bb4 6. Qb3 Bxc3+ 7. bxc3 dxc4 8. Qxc4 0-0 9. e4 Qc7 10. Bxf6 gxf6 11. e5 Nd7 12. exf6 Nxf6 13. Ne5 Nd5 14. g3 f6 15. Nd3 e5 16. Bg2 Be6 1/2-1/2

[Event "HUN-chT U18"]
[Site "Miskolc"]
[Date "2011.11.04"]
[Round "4.4"]
[White "Ruboczki, Tibor"]
[Black "Molnar Saska, Zoltan"]
[Result "1/2-1/2"]
[WhiteElo "1982"]
[BlackElo "1800"]
[PlyCount "62"]
[EventDate "2011.11.02"]
[EventType "team-swiss"]
[EventRounds "8"]
[EventCountry "HUN"]
[SourceTitle "EXT 2012"]
[Source "ChessBase"]
[SourceDate "2011.11.24"]
[SourceVersion "1"]
[SourceVersionDate "2011.11.24"]
[SourceQuality "1"]
[WhiteTeam "Nyiregyhaza"]
[BlackTeam "Kobanya Aquarena"]
[WhiteTeamCountry "HUN"]
[BlackTeamCountry "HUN"]

1. d4 Nf6 2. Nf3 c5 3. c3 e6 4. g3 d5 5. Bg2 Nc6 6. 0-0 Bd7 7. Bg5 Bd6 8. Nbd2 h6 9. Bxf6 Qxf6 10. dxc5 Bxc5 11. e4 dxe4 12. Nxe4 Qe7 13. b4 Bb6 14. Nd6+ Kf8 15. b5 Na5 16. Ne5 Be8 17. Nxe8 Rxe8 18. Nd7+ Kg8 19. Nxb6 axb6 20. Qd4 Qc7 21. Rfd1 Kh7 22. Qd7 Re7 23. Qd4 Rc8 24. Bf1 Ree8 25. Qd6 Qxd6 26. Rxd6 Rxc3 27. Rxb6 Rec8 28. Kg2 R8c7 29. Rd1 Nc4 30. Bxc4 R3xc4 31. Rd2 Kg6 1/2-1/2

[Event "HUN-chT2 Maroczy 1112"]
[Site "Hungary"]
[Date "2011.09.25"]
[Round "1"]
[White "Ruboczki, Tibor"]
[Black "Kelemen, Gabor"]
[Result "1-0"]
[WhiteElo "1982"]
[BlackElo "2189"]
[PlyCount "81"]
[EventDate "2011.09.25"]
[EventType "team-tourn"]
[EventRounds "11"]
[EventCountry "HUN"]
[SourceTitle "EXT 2013"]
[Source "ChessBase"]
[SourceDate "2012.11.22"]
[SourceVersion "1"]
[SourceVersionDate "2012.11.22"]
[SourceQuality "1"]
[WhiteTeam "Nyiregyhaza"]
[BlackTeam "Taban Spartacus"]
[WhiteTeamCountry "HUN"]
[BlackTeamCountry "HUN"]

1. d4 Nf6 2. Nf3 e6 3. c4 b6 4. Nc3 Bb7 5. e3 d5 6. Bd3 Be7 7. 0-0 0-0 8. b3 Nbd7 9. Bb2 Ne4 10. Nd2 f5 11. f3 Nd6 12. Qe2 c5 13. dxc5 bxc5 14. cxd5 exd5 15. Rac1 Bf6 16. Na4 Bxb2 17. Nxb2 Qa5 18. a4 Rae8 19. Qf2 Re7 20. Rfe1 Rfe8 21. Bf1 Ba6 22. Bd3 Rc8 23. Bf1 Ne5 24. Bxa6 Qxa6 25. Qh4 Rec7 26. Nb1 Qb6 27. Rc3 Ng6 28. Qg3 f4 29. exf4 c4+ 30. Qf2 d4 31. Nxc4 Nxc4 32. Rxc4 Rxc4 33. bxc4 Nxf4 34. Rd1 Qb3 35. Qd2 Rxc4 36. Re1 Nd5 37. Qg5 Nf6 38. Nd2 Qc3 39. Re7 Qc1+ 40. Kf2 g6 41. Qxf6 1-0